The noble scholar, jurist, historian


 His Excellency Dr. Abdul Wahhab bin Ibrahim Abu Sulaiman, may Allah have mercy on him.


 He was born in Umm Al-Qura in the year 1356 AH.

القول الواضح في بيان الجوائح : (Record no. 11675)

MARC details
000 -LEADER
fixed length control field 01782cam a22003251i 4500
003 - CONTROL NUMBER IDENTIFIER
control field SA-RiAUC
005 - DATE AND TIME OF LATEST TRANSACTION
control field 20250913064325.0
008 - FIXED-LENGTH DATA ELEMENTS--GENERAL INFORMATION
fixed length control field 250911s1996 ly g 000 0 ara c
040 ## - CATALOGING SOURCE
Original cataloging agency SA-JeALM
Language of cataloging ara
Transcribing agency SA-RiAUC
Description conventions rda
082 04 - DEWEY DECIMAL CLASSIFICATION NUMBER
Classification number 258.2
Assigning agency SA-RiAUC
090 ## - LOCALLY ASSIGNED LC-TYPE CALL NUMBER (OCLC); LOCAL CALL NUMBER (RLIN)
Classification number (OCLC) (R) ; Classification number, CALL (RLIN) (NR) 258.2
Local cutter number (OCLC) ; Book number/undivided call number, CALL (RLIN) ح ط ا
100 1# - MAIN ENTRY--PERSONAL NAME
Personal name الحطاب، يحيى بن محمد بن محمد،
Dates associated with a name توفي 995 هجري
Relator term مؤلف.
245 12 - TITLE STATEMENT
Title القول الواضح في بيان الجوائح :
Remainder of title نظرية الجوائح، أو، الظروف الطارئة في الفقه الإسلامي /
Statement of responsibility, etc. لأبي زكريا يحيى محمد محمد الحطاب ؛ تحقيق ودراسة عبد السلام محمد الشريف العالم.
246 33 - VARYING FORM OF TITLE
Title proper/short title الظروف الطارئة في الفقه الإسلامي
250 ## - EDITION STATEMENT
Edition statement الطبعة الأولى.
264 #1 - PRODUCTION, PUBLICATION, DISTRIBUTION, MANUFACTURE, AND COPYRIGHT NOTICE
Place of production, publication, distribution, manufacture طرابلس، ليبيا :
Name of producer, publisher, distributor, manufacturer لجنة إحياء التراث الإسلامي،
Date of production, publication, distribution, manufacture, or copyright notice 1996.
300 ## - PHYSICAL DESCRIPTION
Extent 259 صفحة ؛
Dimensions 24 سم.
336 ## - CONTENT TYPE
Content type term نص
Content type code txt
Source rdacontent
Materials specified كتاب
337 ## - MEDIA TYPE
Media type term بدون وسيط
Media type code n
Source rdamedia
338 ## - CARRIER TYPE
Carrier type term مجلد
Carrier type code nc
Source rdacarrier
490 1# - SERIES STATEMENT
Series statement السلسلة التراثية / كلية الدعوة الإسلامية (طرابلس، ليبيا) ؛
Volume/sequential designation 22
500 ## - GENERAL NOTE
General note توجد ملاحظات من الشيخ في داخل الكتاب.
650 #7 - SUBJECT ADDED ENTRY--TOPICAL TERM
Topical term or geographic name entry element الملكية
Source of heading or term aucsh
650 #7 - SUBJECT ADDED ENTRY--TOPICAL TERM
Topical term or geographic name entry element بيع الثمار (فقه إسلامي)
Source of heading or term aucsh
650 #7 - SUBJECT ADDED ENTRY--TOPICAL TERM
Topical term or geographic name entry element المعاملات (فقه إسلامي)
Source of heading or term aucsh
700 1# - ADDED ENTRY--PERSONAL NAME
Personal name العالم، عبد السلام محمد الشريف،
Dates associated with a name 1911-1997
Relator term محقق.
830 #2 - SERIES ADDED ENTRY--UNIFORM TITLE
Uniform title السلسلة التراثية (كلية الدعوة الإسلامية. لجنة الحفاظ على التراث)
Volume/sequential designation 22
942 ## - ADDED ENTRY ELEMENTS (KOHA)
Source of classification or shelving scheme Dewey Decimal Classification
Koha item type Books
Suppress in OPAC No
949 ## - LOCAL PROCESSING INFORMATION (OCLC)
a SA-JeALM
d 250911
u mohamedma123
n 1
Holdings
Withdrawn status Lost status Source of classification or shelving scheme Damaged status Not for loan Collection Home library Current library Date acquired Total checkouts Full call number Barcode Date last seen Price effective from Koha item type
    Dewey Decimal Classification     ملاحظات DR AbdElwahab Library DR AbdElwahab Library 09/13/2025   258.2 ح ط ا 000018845 09/13/2025 09/13/2025 Books